Statistics for English words of Chinese origin

Click here to take the quiz!

General Stats

  • This quiz has been taken 585 times
  • The average score is 7 of 22

Answer Stats

HintStarting LetterAnswer% Correct
Cooking panWwok
69%
Tomato sauceKketchup
66%
Martial artsKkung fu
65%
BalanceYyin and yang
55%
UtensilCchopstick
52%
DrinkTtea
49%
GameMmahjong
46%
Tropical fruitLlychee
39%
Chinese metaphysicsFfeng shui
32%
Mind controlBbrainwash
29%
Citrus fruitKkumquat
29%
RootGginseng
27%
SubmissionKkowtow
18%
MagnateTtycoon
18%
Kidnap/coerceSshanghai
17%
Chinese dishCchop suey
12%
Tropical fruitLlongan
10%
Dog breedSshar pei
9%
GreetingLlong time no see
8%
BoatSsampan
7%
PuzzleTtangram
7%
FoodTtofu
7%

Score Distribution

Percentile by Number Answered

Percent of People with Each Score

Your Score History

You have not taken this quiz